000 00317nam a22001217a 4500
008 180604b xxu||||| |||| 00| 0 eng d
041 _aeng
080 _a043.3
100 _a0
101 _aSHKI-BA
245 _aZhvillimi i sistemit operativ Windows Embedded XP per pajisje te caktuara
_cZherka, B
942 _2udc
_cBK
999 _c46269
_d46269